00481nam a2200145Ia 4500020001800000082001200018100002400030245008000054260002800134300001400162650001400176942000700190999001500197952012300212 a9788131756881 a547 VOG aVogel,Arthur.I9125 0aElemantary Practical Organic Chemistry Quantitative Organic Analysis Part 3 aPearsonbNew Yorkc2011 a645 - 840 achemistry cBK c4507d4507 0010708Non-fictioaICbICcGeneral Stacksd2018-03-14l0o547.04565 VOGp007211r2022-11-17 00:00:00w2018-03-14yBK